000 00404nam a2200169Ia 4500
005 20250423095516.0
008 250422s9999 xx 000 0 und d
020 _a978-0-340-958773
050 _aPE 1135 .C78/
100 _aCRUTTENDEN, ALAN
245 0 _aGimson's pronounciation of english
250 _a7th ed.
260 _bHodder Education
260 _c2008
300 _a362 p
942 _cBK
999 _c30491
_d30491